Statistiques concernant Pays frontaliers les plus riches

Cliquez ici pour prendre le quiz!

Statistiques générales

  • Ce quiz a été pris 13 738 fois
    (7 697 depuis la dernière actualisation)
  • Le résultat moyen est 17 sur 21

Statistiques - réponses

Pays% Correct
France
99%
Allemagne
97%
Suisse
95%
Italie
94%
États-Unis
93%
Belgique
91%
Canada
90%
Luxembourg
89%
Pays-Bas
87%
Autriche
86%
Monaco
83%
Danemark
78%
Liechtenstein
77%
Suède
71%
Norvège
70%
Finlande
69%
Royaume-Uni
66%
Irlande
60%
Arabie Saoudite
55%
Qatar
54%
Émirats Arabes Unis
53%

Distribution des résultats

Percentile par nombre de réponses

% des personnes avec chaque résultat

Votre développement - résultats

Vous n’avez pas pris ce quiz depuis la dernière actualisation